| 000 | 00535nab a2200157Ia 4500 | ||
|---|---|---|---|
| 003 | ES-SlBCS | ||
| 005 | 20210601134636.0 | ||
| 008 | 140529s1987 xxu||||| |||| 00| 0 spa d | ||
| 041 | _aspa | ||
| 100 | 1 |
_aFábregas González, Javier _9220935 |
|
| 245 | 0 | 0 |
_aMarco geológico e hidrogeológico de la Cueva Negra _c Javier Fábregas González, Melchor Senent Alonso |
| 651 | 4 |
_aCueva Negra _9220668 |
|
| 700 | 1 |
_aSenent Alonso, Melchor _9220663 |
|
| 773 | 0 |
_tAntigüedad y Cristianismo _gnº. 4, 1987, págs. 47-56 _wRev1032 |
|
| 942 | _cAR | ||
| 999 |
_c615741 _d615741 |
||